000 01220nam a2200313 i 4500
003 EG-GICUC
005 20260121101221.0
008 251114s1945 ua ||||fr|||| 00| 0 ara d
040 _a EG-GICUC
_bara
_c EG-GICUC
_d EG-GICUC
_erda
041 0 _aara
082 0 4 _221
_a345.23
_bع ث . ل
092 0 4 _221
099 _aLaw1 07 345.23 ع ث . ل 1945
100 0 _aعثمان خليل عثمان
_eمؤلف.
245 1 2 _aاللامركزية ونظام مجالس المديريات في مصر :
_bدراسة مقارنة /
_cالدكتور عثمان خليل عثمان.
250 _aالطبعة الثانية
264 3 _a[مكان النشر غير محدد] :
_b[الناشر غير محدد]،
_c1945.
300 _a354 ؛صفحة
_c24 سم.
_bإيضاحيات، صور، مثيليات ؛
336 _2rda content
_atext
337 _2rda media
_aComputer
338 _2rda carrier
_aOnline Resource
504 _a. 240-220 ببليوجرافيا: صفحات.
546 _aالنص باللغة العربية
650 1 4 _aالقانون الإداري
_2qrmak
651 1 _2qrmak
856 4 0 _uhttps://fll.law.cu.edu.eg/fulltext/bks/B07-00720.pdf
905 _a30
942 _2ddc
_cBK
_e21
_n0
999 _c43245
_d43245